[Event "Titled Tuesday intern op 15th Sept"]
[Site "Chess.com INT"]
[Date "2020.09.15"]
[Round "4"]
[White "Rodrigues, Barbara"]
[Black "Berke, Ana"]
[Result "1-0"]
[WhiteElo "2033"]
[BlackElo "2127"]
[PlyCount "101"]
[EventDate "2020.09.15"]
[EventType "swiss (blitz)"]
[EventRounds "10"]
[EventCountry "USA"]
[SourceTitle "CBM 198 Extra"]
[Source "ChessBase"]
[SourceDate "2020.11.30"]
[SourceVersion "1"]
[SourceVersionDate "2020.11.30"]
[SourceQuality "1"]

1. d4 Nf6 2. Nc3 d5 3. Bg5 e6 4. e4 h6 5. Bxf6 Qxf6 6. exd5 Bb4 7. Bb5+ c6 8. dxc6 Nxc6 9. Nf3 0-0 10. 0-0 Bd7 11. d5 exd5 12. Nxd5 Qd6 13. c3 Ba5 14. Re1 Kh8 15. Ne7 Qxd1 16. Raxd1 Nxe7 17. Rxd7 Ng6 18. Rxb7 Bb6 19. Ne5 Nxe5 20. Rxe5 Rad8 21. Rd7 Rxd7 22. Bxd7 Rd8 23. Re8+ Rxe8 24. Bxe8 Kg8 25. Kf1 Kf8 26. Bc6 Ke7 27. Ke2 Kd6 28. Be4 Ke5 29. Bd3 a5 30. b4 axb4 31. cxb4 Kd4 32. a4 Kc3 33. a5 Bc7 34. a6 Bb6 35. b5 Kd4 36. f4 Kc3 37. g4 Kd4 38. Kd2 Ba5+ 39. Kc2 Bb6 40. Bf1 Ke3 41. f5 Kf4 42. h3 h5 43. Be2 hxg4 44. hxg4 Ke3 45. Bd1 Kd4 46. Kb3 Kc5 47. Be2 Ba7 48. g5 Bb6 49. f6 gxf6 50. gxf6 Bd8 51. a7 1-0